|
|
|
|
| LEADER |
00780nam a2200265 4500 |
| 001 |
DLU180184029 |
| 005 |
##20180320 |
| 040 |
# |
# |
|a DLU
|b vie
|
| 041 |
# |
# |
|a vie
|
| 044 |
# |
# |
|a vn
|
| 100 |
# |
# |
|a Nguyễn Thanh Tiến.
|
| 245 |
# |
# |
|a Di tích và lễ hội chùa Sơn Dược, Thái Nguyên /
|c Nguyễn Thanh Tiến.
|
| 653 |
# |
# |
|a Chùa Sơn Dược, Thái Nguyên
|
| 653 |
# |
# |
|a Di tích
|
| 653 |
# |
# |
|a Lễ hội
|
| 773 |
# |
# |
|t Tạp chí Văn hoá nghệ thuật
|g Số 389, 2016, tr. 12-15
|
| 920 |
# |
# |
|a Phòng Tạp chí -- Trung tâm Thông tin - Thư viện Trường Đại học Đà Lạt
|
| 994 |
# |
# |
|a DLU
|
| 900 |
# |
# |
|a True
|
| 911 |
# |
# |
|a Trần Thị Minh Hương
|
| 925 |
# |
# |
|a G
|
| 926 |
# |
# |
|a A
|
| 927 |
# |
# |
|a BB
|
| 980 |
# |
# |
|a Thư viện Trường Đại học Đà Lạt
|